000 00471nam a2200145 4500
999 _c16157
_d16157
008 210430b ||||| |||| 00| 0 eng d
022 _a1559-663X
082 _aDPer 420.705 En36 c2006-2008
100 _aCopur, Deniz Salli.
_943264
245 _aUsing anecdotes in language class/
_cDeniz Salli Copur.
260 _aWashington, D.C. :
_bEnglish Teaching Forum,
_cc2006-2008.
300 _av46 n1, pages 34-39;
_c27 cm.
650 _aAnecdotes.
_943265
942 _2ddc
_cPER